000 00259nam a2200097Ia 4500
005 20251222114348.0
008 251222s1900||||xx |||||||||||||| ||spa||
082 _aDVD0150/P27/2004
245 0 _aEl evangelio segĂșn San Mateo:Il Vangelo Secondo Mateo
942 _cDVD
999 _c1132
_d1132